000 01266nab a22002537a 4500
999 _c6550
_d6550
003 OSt
005 20260223140532.0
008 190506c xxu||||| |||| 00| 0 spa d
040 _cPJ
100 _94448
_aMedici, Silvia D.
245 1 3 _aEl sujeto trabajador vulnerable con consumo problemático de drogas. Su protección legal a nivel nacional e internacional. Su prevención e integración /
_cSilvia D. Medici.
260 _aBuenos Aires :
_bAbeledoPerrot,
_c2024.
300 _ap. 36-50
500 _aCita: TR LALEY AR/DOC/1163/2024.
505 _aSumario: I. Introducción.— II. El sujeto trabajador vulnerable con consumo problemático de drogas. Su protección legal a nivel nacional e internacional. Su prevención e integración.— III. Conclusión.— IV. Bibliografía.
505 _t¿Te interesa el texto completo? Comunicate al correo: koha@justierradelfuego.gov.ar
650 0 _91316
_aDERECHO LABORAL
650 0 _91430
_aRIESGOS DEL TRABAJO
650 0 _95144
_aASEGURADOR POR RIESGOS DEL TRABAJO
650 0 _91406
_aINCAPACIDAD LABORAL
650 0 _94695
_aSITUACIÓN DE VULNERABILIDAD
773 0 _02751
_93202
_dBuenos Aires : AbeledoPerrot, 2013-
_tRevista de derecho laboral y seguridad social. Nº 12 - Junio 2024
942 _2udc
_cANA